BoardGameGeek 2025 Top 20 Boardgames - Statistics

General Stats
  • This quiz has been taken 12 times
    8 since last reset
  • The average score is 9 of 20
Answer Stats
Hint Answer % Correct
4 Gloomhaven
100%
2 Ark Nova
88%
1 Brass: Birmingham
88%
9 Terraforming Mars
88%
20 Brass: Lancashire
63%
3 Pandemic Legacy: Season 1
50%
11 Spirit Island
50%
14 Twilight Struggle
50%
5 Dune: Imperium
38%
18 Frosthaven
38%
12 Gloomhaven: Jaws of the Lion
38%
17 Great Western Trail
38%
10 Star Wars: Rebellion
38%
6 Twilight Imperium: Fourth Edition
38%
7 Dune: Imperium - Uprising
25%
13 Gaia Project
25%
8 War of the Ring: Second Edition
25%
19 Eclipse: Second Dawn for the Galaxy
13%
15 The Castles of Burgundy
13%
16 Through the Ages: A New Story of Civilization
13%
No matching quizzes found
Score Distribution
Percent of People with Each Score
Percentile by Number Answered
Your Score History
You have not taken this quiz since the last reset